000
00259nam a2200109Ia 4500
008
200302s9999 xx 000 0 und d
100
_a
Diana Constance
245
_a
Painting School Pastels
260
_b
Brockhampton Press
260
_c
1994
300
_a
119 P.,
999
_c
1339
_d
1339